000 nam a22 7a 4500
999 _c128304
_d128304
008 181003b xxu||||| |||| 00| 0 eng d
020 _a9780340908167
050 _aBX1378.5
_b.S889
100 _aStourton, Edward
_942731
245 _aJohn Paul 11
_bman of history
_cEdward Stourton
260 _aLondon
_bHodder and Stoughton
_c2006
300 _avii, 344p. ;
_c24cm.
600 _aJohn Paul 11
_942732
942 _2lcc
_cMONOGRAPH